[Event "10. OSIJEK OPEN"]
[Site "Osijek"]
[Date "2017.02.25"]
[Round "6.17"]
[White "Djuric, Milan"]
[Black "Ristanic, Petar"]
[Result "1-0"]
[WhiteElo "1933"]
[BlackElo "1728"]
[PlyCount "65"]
[EventDate "2017.02.23"]

1. e4 d5 2. e5 c5 3. c3 Nc6 4. d4 cxd4 5. cxd4 Bf5 6. Nc3 e6 7. a3 Nge7 8. Nge2
h6 9. Ng3 Bh7 10. Bd3 Ng6 11. O-O Be7 12. Be3 O-O 13. Qd2 Kh8 14. f4 Nh4 15.
Bxh7 Kxh7 16. f5 Rc8 17. Rf2 exf5 18. Nxf5 Rc7 19. Nb5 Rd7 20. Nxe7 Nxe7 21.
Qd3+ Kg8 22. Raf1 Nc8 23. Rf4 a6 24. Nc3 Qg5 25. g3 Ng6 26. Rf5 Qe7 27. Ne2 Qe8
28. Qd2 Kh7 29. Rh5 Rh8 30. g4 Qe6 31. h3 Nf8 32. Bxh6 gxh6 33. Rf6 1-0

[Event "10. OSIJEK OPEN"]
[Site "Osijek"]
[Date "2017.02.25"]
[Round "6.18"]
[White "Brkic, Valent"]
[Black "Cvijanovic, Srecko"]
[Result "1-0"]
[WhiteElo "1928"]
[BlackElo "1805"]
[PlyCount "63"]
[EventDate "2017.02.23"]

1. c4 e6 2. g3 f5 3. Bg2 Nf6 4. Nc3 d5 5. cxd5 exd5 6. d4 c6 7. Nh3 Be7 8. O-O
O-O 9. Rb1 a5 10. Nf4 Kh8 11. Nd3 Nbd7 12. Bf4 Qe8 13. Rc1 Rg8 14. h4 Nf8 15.
Be5 Ng4 16. e3 Nxe5 17. Nxe5 g5 18. hxg5 Rxg5 19. Bf3 Ne6 20. Ne2 Bd6 21. Kg2
Bxe5 22. dxe5 Rg7 23. Nf4 Ng5 24. Nd3 Ne4 25. Rh1 Qg6 26. Nf4 Qe8 27. Qd4 Be6
28. Rh6 Ng5 29. Bh5 Bf7 30. e6 Bxh5 31. Nxh5 Nxe6 32. Nxg7 1-0

[Event "10. OSIJEK OPEN"]
[Site "Osijek"]
[Date "2017.02.25"]
[Round "6.19"]
[White "Dzaferovic, Emir"]
[Black "Benes, Miodrag"]
[Result "0-1"]
[WhiteElo "1719"]
[BlackElo "1909"]
[PlyCount "32"]
[EventDate "2017.02.23"]

1. e4 c5 2. Nf3 d6 3. d4 cxd4 4. Nxd4 Nf6 5. Nc3 g6 6. f3 Bg7 7. Be3 O-O 8. Qd2
Nc6 9. O-O-O Nxd4 10. Bxd4 Be6 11. Kb1 Qc7 12. Nb5 Qc6 13. Nxa7 Rxa7 14. Bxa7
Qa4 15. Qd4 Qxa2+ 16. Kc1 Bh6+ 0-1

[Event "10. OSIJEK OPEN"]
[Site "Osijek"]
[Date "2017.02.25"]
[Round "6.20"]
[White "Ljubicic, Ninoslav"]
[Black "Krnic, Matija"]
[Result "1/2-1/2"]
[WhiteElo "1807"]
[BlackElo "1727"]
[PlyCount "52"]
[EventDate "2017.02.23"]

1. e4 c5 2. g3 d6 3. Bg2 g6 4. Nf3 Bg7 5. O-O Nf6 6. Re1 Nc6 7. c3 O-O 8. d4
cxd4 9. Nxd4 Nxd4 10. cxd4 Qc7 11. Nc3 a6 12. Be3 Rb8 13. Rc1 Qa5 14. h3 b5 15.
a3 Bb7 16. e5 dxe5 17. dxe5 Rfd8 18. Qb3 Ne8 19. Bf4 e6 20. Red1 Bxg2 21. Kxg2
Rxd1 22. Rxd1 Rd8 23. Ne4 Rxd1 24. Qxd1 Qc7 25. Qd4 h6 26. h4 Qc6 1/2-1/2

[Event "10. OSIJEK OPEN"]
[Site "Osijek"]
[Date "2017.02.25"]
[Round "6.21"]
[White "Rogulja, Marko"]
[Black "Vidakovic, Mato"]
[Result "0-1"]
[WhiteElo "1528"]
[BlackElo "1816"]
[PlyCount "90"]
[EventDate "2017.02.23"]

1. d4 Nf6 2. c4 e6 3. Nc3 d5 4. Bf4 c6 5. e3 Bd6 6. Bxd6 Qxd6 7. c5 Qc7 8. Bd3
O-O 9. Nf3 Nbd7 10. Qc2 e5 11. Be2 Re8 12. O-O-O e4 13. Nd2 Nf8 14. h4 Bg4 15.
Bxg4 Nxg4 16. Nf1 Qe7 17. Ng3 Qd7 18. Qe2 b5 19. Nb1 a5 20. h5 h6 21. Rh4 Nf6
22. Rf4 Kh7 23. Nf5 Ne6 24. Rh4 Nxc5 25. dxc5 Qxf5 26. Rf4 Qe5 27. g4 Qe7 28.
Qc2 Nd7 29. Rg1 Qxc5 30. Qxc5 Nxc5 31. Rxf7 Nd3+ 32. Kc2 Rf8 33. Rc7 Rac8 34.
Ra7 Rxf2+ 35. Nd2 Rcf8 36. Rxa5 Ne5 37. Kc3 Rxd2 38. Kxd2 Nf3+ 39. Kc3 Nxg1 40.
Ra6 Rf6 41. a4 bxa4 42. Rxa4 Nf3 43. Ra1 Ne5 44. Rg1 Nc4 45. Re1 Rf3 0-1

[Event "10. OSIJEK OPEN"]
[Site "Osijek"]
[Date "2017.02.25"]
[Round "6.22"]
[White "Slobodjanac, Sinisa"]
[Black "Perci, Franjo"]
[Result "0-1"]
[WhiteElo "1804"]
[BlackElo "1724"]
[PlyCount "82"]
[EventDate "2017.02.23"]

1. b4 d5 2. Bb2 e6 3. e3 Nf6 4. b5 c5 5. c4 b6 6. Nf3 Be7 7. Be2 O-O 8. O-O Bb7
9. Qc2 dxc4 10. Qxc4 a6 11. a4 axb5 12. axb5 Ne4 13. Rxa8 Bxa8 14. Rd1 Bf6 15.
Ba3 Qd7 16. Qa4 Qb7 17. d3 Nc3 18. Nxc3 Bxc3 19. Rc1 Bf6 20. e4 Nd7 21. Qb3 Rd8
22. Bb2 Qb8 23. Bxf6 Nxf6 24. h3 h6 25. Qc3 Bb7 26. Ra1 Qc7 27. Ne5 Rd4 28. Nc4
Nd7 29. Ne3 Nf6 30. Nc2 Rd8 31. Ne3 Qd7 32. Qe5 Qxb5 33. Ra7 Qc6 34. Ra2 Ra8
35. Rb2 b5 36. d4 cxd4 37. Qxd4 Ra1+ 38. Kh2 Nxe4 39. Rxb5 Rc1 40. Rb2 Qc7+ 41.
g3 Nxg3 0-1

[Event "10. OSIJEK OPEN"]
[Site "Osijek"]
[Date "2017.02.25"]
[Round "6.23"]
[White "Biljcevic, Miodrag"]
[Black "Mandaric, Fran"]
[Result "0-1"]
[WhiteElo "1745"]
[BlackElo "1682"]
[PlyCount "92"]
[EventDate "2017.02.23"]

1. d4 Nf6 2. c4 e6 3. a3 d5 4. e3 Be7 5. Nf3 b6 6. Nc3 Bb7 7. cxd5 exd5 8. Bd3
O-O 9. O-O Nbd7 10. Re1 c5 11. e4 dxe4 12. Nxe4 Nxe4 13. Bxe4 Bxe4 14. Rxe4 Nf6
15. Re1 Re8 16. dxc5 Bxc5 17. b4 Qxd1 18. Rxd1 Bf8 19. h3 Rad8 20. Be3 g6 21.
Bg5 Rxd1+ 22. Rxd1 Bg7 23. Bxf6 Bxf6 24. b5 Bb2 25. Rd3 Rc8 26. Rd7 Bxa3 27.
Rxa7 Rc1+ 28. Kh2 Bd6+ 29. g3 Bc5 30. Kg2 Rc2 31. Ne5 Rxf2+ 32. Kh1 Rb2 33. g4
Rxb5 34. g5 Rb1+ 35. Kg2 b5 36. Rb7 b4 37. Nd7 Bd4 38. Nf6+ Bxf6 39. gxf6 h5
40. Rb8+ Kh7 41. Rf8 Kh6 42. Rxf7 Kg5 43. h4+ Kf5 44. Rf8 Ke6 45. Kg3 b3 46.
Kf4 b2 0-1

[Event "10. OSIJEK OPEN"]
[Site "Osijek"]
[Date "2017.02.25"]
[Round "6.24"]
[White "Rendulic, Dragan"]
[Black "Kovac, Petar"]
[Result "1-0"]
[WhiteElo "1750"]
[BlackElo "1447"]
[PlyCount "93"]
[EventDate "2017.02.23"]

1. d4 d5 2. Nf3 e6 3. c4 c6 4. Nc3 Nf6 5. Bg5 Nbd7 6. e3 Be7 7. a3 b6 8. b4 Bb7
9. Bd3 O-O 10. O-O a5 11. c5 axb4 12. axb4 Qc8 13. Qc2 h6 14. Bh4 Ba6 15. Ne5
Bxd3 16. Qxd3 Re8 17. Bg3 Qb7 18. h3 Nxe5 19. Bxe5 Nd7 20. Bh2 e5 21. Bxe5 Nxe5
22. dxe5 bxc5 23. b5 Red8 24. bxc6 Qxc6 25. Rfd1 d4 26. exd4 cxd4 27. Nb5 Rxa1
28. Rxa1 Rd5 29. Rb1 g6 30. Qe4 Qc4 31. Nc3 Rd7 32. Nb5 Qd5 33. Qf4 Bg5 34. Qg3
d3 35. Nc3 Qd4 36. Nd1 Qc4 37. Ne3 Bxe3 38. Qxe3 Kh7 39. Qd2 Qc2 40. Rd1 Rb7
41. Qxd3 Qxd3 42. Rxd3 Rb5 43. f4 g5 44. g3 gxf4 45. gxf4 Kg6 46. Kf2 Kf5 47.
Kf3 1-0

[Event "10. OSIJEK OPEN"]
[Site "Osijek"]
[Date "2017.02.25"]
[Round "6.25"]
[White "Borzan, Andrej"]
[Black "Kajic, Josip"]
[Result "0-1"]
[WhiteElo "1654"]
[BlackElo "1734"]
[PlyCount "80"]
[EventDate "2017.02.23"]

1. d4 d5 2. c4 e6 3. Nc3 Nf6 4. Bg5 Be7 5. e3 O-O 6. Nf3 h6 7. Bh4 Ne4 8. Bxe7
Qxe7 9. Nxe4 dxe4 10. Nd2 e5 11. d5 f5 12. Be2 Nd7 13. Qc2 a5 14. O-O Nc5 15.
Nb3 Nxb3 16. axb3 f4 17. d6 cxd6 18. Qxe4 Bf5 19. Qd5+ Kh8 20. e4 Be6 21. Qb5
Qc7 22. f3 Rfd8 23. Rfd1 b6 24. h3 Qc5+ 25. Qxc5 dxc5 26. Kf2 Kg8 27. Ke1 Kf7
28. Rxd8 Rxd8 29. Rd1 Rd4 30. Rxd4 cxd4 31. Kd2 Ke7 32. Kc2 Kd6 33. Bd3 h5 34.
h4 Kc5 35. Bf1 Kb4 36. Bd3 Bd7 37. Bf1 a4 38. bxa4 Bxa4+ 39. Kd3 Bb3 40. Kd2
Bxc4 0-1

[Event "10. OSIJEK OPEN"]
[Site "Osijek"]
[Date "2017.02.25"]
[Round "6.26"]
[White "Galonja, Igor"]
[Black "Kopecki, Ivica"]
[Result "1-0"]
[WhiteElo "1750"]
[BlackElo "1563"]
[PlyCount "39"]
[EventDate "2017.02.23"]

1. d4 d5 2. c4 Nf6 3. cxd5 Nxd5 4. e4 Nb6 5. Nf3 Bg4 6. Nc3 g6 7. h3 Bxf3 8.
Qxf3 Bg7 9. d5 N8d7 10. Bf4 a6 11. Be2 O-O 12. O-O Re8 13. Qg3 Rc8 14. a4 e5
15. dxe6 fxe6 16. a5 Na8 17. Rad1 Qe7 18. e5 Nf8 19. Ne4 Rcd8 20. Bg5 1-0

[Event "10. OSIJEK OPEN"]
[Site "Osijek"]
[Date "2017.02.25"]
[Round "6.28"]
[White "Dragicevic, Ivica"]
[Black "Vukajlovic, Zorana"]
[Result "1/2-1/2"]
[WhiteElo "1686"]
[BlackElo "1728"]
[PlyCount "89"]
[EventDate "2017.02.23"]

1. Nf3 d5 2. d4 e6 3. c4 Nf6 4. Nc3 Be7 5. e3 O-O 6. Be2 b6 7. O-O Bb7 8. Qc2
c5 9. cxd5 Nxd5 10. a3 Nxc3 11. bxc3 Nc6 12. Bd3 h6 13. Bb2 Rc8 14. Qe2 cxd4
15. cxd4 Rc7 16. Rac1 Qd7 17. Rc3 Rfc8 18. Rfc1 Na5 19. Rxc7 Rxc7 20. Rxc7 Qxc7
21. e4 Bd6 22. e5 Be7 23. Nd2 Bd5 24. f3 Qc6 25. Ne4 Nc4 26. Bxc4 Bxc4 27. Qc2
Bd5 28. Qxc6 Bxc6 29. Nc3 Kf8 30. Kf2 Ke8 31. f4 b5 32. g3 b4 33. axb4 Bxb4 34.
Nb1 a5 35. Ke3 Kd7 36. Ba3 Bd5 37. Bb2 Kc6 38. Na3 h5 39. Kd3 g6 40. Ke3 Bxa3
41. Bxa3 Bc4 42. Kd2 Kb5 43. Kc3 Bd5 44. Bc5 Bc4 45. Ba3 1/2-1/2

[Event "10. OSIJEK OPEN"]
[Site "Osijek"]
[Date "2017.02.25"]
[Round "6.29"]
[White "Damjanovic, Stjepan"]
[Black "Mrgan, Franjo"]
[Result "1-0"]
[WhiteElo "1651"]
[BlackElo "1760"]
[PlyCount "99"]
[EventDate "2017.02.23"]

1. e4 Nf6 2. Nc3 d5 3. exd5 Nxd5 4. Nf3 Nxc3 5. bxc3 Bg4 6. h3 Bh5 7. Be2 Nc6
8. O-O e6 9. d4 Be7 10. Bf4 O-O 11. Qd2 Bf6 12. Rad1 Rc8 13. Rfe1 Re8 14. Qc1
Ne7 15. Ne5 Nd5 16. Bxh5 Nxc3 17. Rd2 Bxe5 18. dxe5 Qh4 19. Bg4 h5 20. Bg3 Qg5
21. Bf3 Nxa2 22. Qd1 Nc3 23. Qc1 Qh6 24. Rd3 Qxc1 25. Rxc1 Na2 26. Rcd1 Nb4 27.
R3d2 c6 28. c3 Nd5 29. c4 Nb6 30. Rd4 c5 31. Rh4 Rcd8 32. Rxd8 Rxd8 33. Kf1 Rd7
34. Be2 a5 35. Re4 Nc8 36. Bf4 Rd4 37. Rxd4 cxd4 38. Bd3 a4 39. Bc1 Na7 40. Bc2
Nc6 41. Bxa4 Nxe5 42. Bb3 b6 43. Bf4 Nd7 44. Bc7 Kf8 45. Ba4 Nc5 46. Bb5 Ke7
47. Bxb6 Nb3 48. Ke2 d3+ 49. Kxd3 f5 50. Kc2 1-0

[Event "10. OSIJEK OPEN"]
[Site "Osijek"]
[Date "2017.02.25"]
[Round "6.30"]
[White "Vurdelja, Slavko"]
[Black "Budic, Stanko"]
[Result "1-0"]
[WhiteElo "1885"]
[BlackElo "1512"]
[PlyCount "33"]
[EventDate "2017.02.23"]

1. e4 c5 2. Nf3 a6 3. d4 cxd4 4. Nxd4 d6 5. c4 e6 6. Nc3 Be7 7. Be2 b6 8. O-O
Bb7 9. f4 Nc6 10. Be3 Nxd4 11. Qxd4 Bf6 12. Qd3 g6 13. Bf3 Rb8 14. Rad1 Be7 15.
f5 Nf6 16. Bh6 Qc7 17. fxe6 {The players wrote down the moves unclearly} 1-0

[Event "10. OSIJEK OPEN"]
[Site "Osijek"]
[Date "2017.02.25"]
[Round "6.31"]
[White "Juric, Ester"]
[Black "Jakovljevic, Tadija"]
[Result "1-0"]
[WhiteElo "1445"]
[BlackElo "1600"]
[PlyCount "83"]
[EventDate "2017.02.23"]

1. e4 e5 2. Nf3 d5 3. exd5 Bd6 4. Nc3 Nf6 5. d3 c6 6. dxc6 Nxc6 7. Be2 O-O 8.
O-O a6 9. h3 Be6 10. Bg5 Qc7 11. Bxf6 gxf6 12. Ne4 Be7 13. Qd2 Kh8 14. Qh6 Qd8
15. Rad1 Rg8 16. Ng3 Rg6 17. Qe3 b6 18. Nh4 Rg5 19. Nf3 Rg7 20. d4 Qg8 21. Kh1
exd4 22. Nxd4 Nxd4 23. Qxd4 b5 24. Qh4 Qf8 25. Bd3 f5 26. Qd4 Rd8 27. Qe3 Bg5
28. Qe2 Bh4 29. Nxf5 Rxd3 30. Qxd3 Bxf5 31. Qxf5 Qg8 32. Rg1 Qe8 33. Rd7 h6 34.
Rc7 Bd8 35. Rc8 Qe7 36. Rd1 Rg8 37. Qd3 Qb7 38. Qc3+ Kh7 39. f3 Qb6 40. Qd3+
Rg6 41. Qxd8 Rxg2 42. Qh8+ 1-0

[Event "10. OSIJEK OPEN"]
[Site "Osijek"]
[Date "2017.02.25"]
[Round "6.32"]
[White "Franc, Tomislav"]
[Black "Maroslavac, Ivana"]
[Result "0-1"]
[WhiteElo "1383"]
[BlackElo "1699"]
[PlyCount "72"]
[EventDate "2017.02.23"]

1. d4 g6 2. e4 Bg7 3. Be2 d6 4. Nf3 Nf6 5. Nc3 O-O 6. O-O Nc6 7. Bg5 Re8 8. Qd2
e5 9. d5 Ne7 10. h3 Rf8 11. Rfd1 a6 12. g4 h5 13. Bh6 hxg4 14. hxg4 Bxg4 15.
Kg2 Bh5 16. Rh1 Ng4 17. Bxg7 Kxg7 18. Rxh5 gxh5 19. Qg5+ Ng6 20. Rh1 Qxg5 21.
Nxg5 Nf4+ 22. Kf3 Kg6 23. Nh3 Nxh3 24. Rxh3 f5 25. Kg3 Kg5 26. f3 Ne3 27. Kh2
f4 28. Nd1 Nxc2 29. Nf2 Rg8 30. Kg2 Ne3+ 31. Kh1 Rg6 32. Rh2 Rag8 33. Nh3+ Kh6
34. Rf2 Rg2 35. Bf1 Rxf2 36. Nxf2 Nxf1 0-1

[Event "10. OSIJEK OPEN"]
[Site "Osijek"]
[Date "2017.02.25"]
[Round "6.33"]
[White "Nemet, Tomica"]
[Black "Stojkovic, Goran"]
[Result "0-1"]
[WhiteElo "1626"]
[BlackElo "1418"]
[PlyCount "54"]
[EventDate "2017.02.23"]

1. Nf3 Nf6 2. c4 c5 3. Nc3 e6 4. d4 cxd4 5. Nxd4 Bb4 6. a3 Bxc3+ 7. bxc3 Nc6 8.
Qc2 O-O 9. e3 b6 10. Bd3 Bb7 11. O-O Rc8 12. Nf3 a6 13. e4 Qc7 14. Re1 h6 15.
e5 Ng4 16. Bf4 f6 17. Bh7+ Kh8 18. Qg6 Ngxe5 19. Rxe5 Nxe5 20. Bxe5 fxe5 21.
Nh4 Qxc4 22. g3 Qd5 23. f3 Rxc3 24. Qe4 Qxe4 25. Bxe4 Bxe4 26. fxe4 Kh7 27. Kg2
g5 0-1

[Event "10. OSIJEK OPEN"]
[Site "Osijek"]
[Date "2017.02.25"]
[Round "6.35"]
[White "Juric, Matea"]
[Black "Medved, Dorian"]
[Result "1-0"]
[WhiteElo "1352"]
[BlackElo "1345"]
[PlyCount "75"]
[EventDate "2017.02.23"]

1. e4 e5 2. Nf3 Nc6 3. Bc4 Bc5 4. d3 d6 5. h3 Nf6 6. Bg5 h6 7. Bh4 O-O 8. a3 a6
9. Nc3 Be6 10. Ba2 Qe7 11. O-O Rad8 12. Nd5 Bxd5 13. Bxd5 Nb8 14. Nh2 c6 15.
Ba2 Rfe8 16. Ng4 Nbd7 17. Qf3 Bb6 18. Rad1 Rc8 19. c3 Bd8 20. Qf5 b5 21. f4 Qf8
22. fxe5 Nxg4 23. Qxg4 Nxe5 24. Qxc8 Bxh4 25. Qxa6 Bf6 26. Qb6 Qe7 27. Qf2 Rd8
28. Qe2 Rf8 29. d4 Nd7 30. Qc2 g6 31. e5 dxe5 32. Qxg6+ Kh8 33. Qxh6+ Kg8 34.
dxe5 Bxe5 35. Rde1 c5 36. Rf5 Bh2+ 37. Kxh2 Qxe1 38. Rg5# 1-0

[Event "10. OSIJEK OPEN"]
[Site "Osijek"]
[Date "2017.02.26"]
[Round "7.3"]
[White "Kovacevic, Srecko"]
[Black "Bender, Ivan"]
[Result "1-0"]
[WhiteElo "2093"]
[BlackElo "2248"]
[PlyCount "71"]
[EventDate "2017.02.23"]

1. b3 d5 2. Bb2 c5 3. e3 Nc6 4. Bb5 Qb6 5. Bxc6+ Qxc6 6. Nf3 f6 7. d4 e6 8. O-O
Nh6 9. Nbd2 c4 10. c3 Bd7 11. Qe2 b5 12. e4 Kf7 13. g4 Nxg4 14. Ng5+ fxg5 15.
Qxg4 dxe4 16. f4 gxf4 17. Qxf4+ Ke8 18. Nxe4 Qd5 19. bxc4 bxc4 20. Rae1 Bc6 21.
Qg3 h6 22. Qg6+ Kd8 23. Bc1 Kc8 24. Rf7 Be8 25. Ref1 Bxf7 26. Rxf7 Rb8 27. Rxa7
Bd6 28. Qf7 Rd8 29. Nxd6+ Qxd6 30. Bf4 Rb1+ 31. Kf2 e5 32. Qf5+ Rd7 33. Ra8+
Kb7 34. Bxe5 Rb2+ 35. Ke1 g6 36. Qe4+ 1-0

[Event "10. OSIJEK OPEN"]
[Site "Osijek"]
[Date "2017.02.26"]
[Round "7.4"]
[White "Oberman, Hotimir"]
[Black "Berke, Ana"]
[Result "1/2-1/2"]
[WhiteElo "1929"]
[BlackElo "2128"]
[PlyCount "177"]
[EventDate "2017.02.23"]

1. e4 c5 2. Nf3 d6 3. d4 cxd4 4. Nxd4 Nf6 5. Nc3 Nc6 6. Bc4 Qb6 7. Nde2 e6 8.
Be3 Qb4 9. Bd3 Be7 10. a3 Qa5 11. b4 Qc7 12. Nb5 Qb8 13. Bf4 a6 14. Nbc3 O-O
15. O-O b5 16. h3 Bb7 17. Be3 Qc7 18. f4 Rac8 19. Qe1 Rfd8 20. Qf2 Rd7 21. f5
Ne5 22. Bd4 Nxd3 23. cxd3 e5 24. Be3 d5 25. Nxd5 Nxd5 26. Rac1 Qd8 27. exd5
Rxc1 28. Rxc1 Bxd5 29. d4 Bh4 30. g3 Bf6 31. dxe5 Bxe5 32. Nf4 Bb7 33. Qe2 Bf6
34. Nh5 Bd4 35. Bxd4 Rxd4 36. Qe5 f6 37. Qe6+ Kf8 38. Re1 Rd3 39. Re3 Rd2 40.
Nf4 Rd1+ 41. Kf2 Rd6 42. Qb3 Bd5 43. Qc3 Bc4 44. Ne6+ Bxe6 45. fxe6 Ke7 46. Qc5
Qb6 47. Rc3 Qxc5+ 48. Rxc5 Kxe6 49. Rc7 g6 50. Ke3 h5 51. g4 h4 52. Ke4 Rd1 53.
Rc6+ Rd6 54. Rc7 f5+ 55. gxf5+ gxf5+ 56. Ke3 Ke5 57. Re7+ Re6 58. Rh7 Rg6 59.
Rxh4 Rg3+ 60. Kf2 Rxa3 61. Rh6 Kf4 62. h4 Ra2+ 63. Ke1 Kf3 64. h5 f4 65. Re6
Rh2 66. h6 Rh1+ 67. Kd2 Kg2 68. Rxa6 f3 69. Rg6+ Kf1 70. Rb6 f2 71. Rxb5 Rxh6
72. Rf5 Rg6 73. Kc3 Ke2 74. Kc4 f1=Q 75. Rxf1 Kxf1 76. Kc5 Ke2 77. b5 Kd3 78.
b6 Rg2 79. Kc6 Kd4 80. b7 Rg6+ 81. Kc7 Rg7+ 82. Kc6 Rg6+ 83. Kc7 Rg7+ 84. Kc6
Rg8 85. Kc7 Kc5 86. b8=Q Rg7+ 87. Kc8 Rg8+ 88. Kc7 Rxb8 89. Kxb8 1/2-1/2

[Event "10. OSIJEK OPEN"]
[Site "Osijek"]
[Date "2017.02.26"]
[Round "7.5"]
[White "Cajzler, Hinko"]
[Black "Roklicer, Heike"]
[Result "1/2-1/2"]
[WhiteElo "2099"]
[BlackElo "2022"]
[PlyCount "147"]
[EventDate "2017.02.23"]

1. Nf3 f5 2. g3 Nf6 3. d4 e6 4. Bg2 Be7 5. O-O O-O 6. c4 d5 7. b3 Nc6 8. Ba3
Bd7 9. Bxe7 Qxe7 10. Nc3 Be8 11. cxd5 exd5 12. Nh4 Qd7 13. Bh3 Ne4 14. Nxe4
dxe4 15. Qd2 h6 16. d5 Ne7 17. f4 Nxd5 18. Rfd1 c6 19. Ng2 g6 20. Rac1 Bf7 21.
Ne3 Be6 22. Nc4 Qg7 23. Qd4 Qxd4+ 24. Rxd4 Rad8 25. Rcd1 Kg7 26. Ne5 Kf6 27.
Kf2 g5 28. e3 Rg8 29. b4 a6 30. Bf1 gxf4 31. gxf4 Rg7 32. a4 Rdg8 33. b5 axb5
34. axb5 Nc3 35. Rc1 Nxb5 36. Rb4 Nd6 37. Rd1 Nc8 38. Bh3 Bd5 39. Rdb1 Nd6 40.
Ra4 Nb5 41. Rc1 Rd8 42. Bf1 Be6 43. Nxc6 bxc6 44. Rxc6 Nc7 45. Ra7 Rd2+ 46. Ke1
Rxh2 47. Raxc7 Rg1 48. Rc2 Rxc2 49. Rxc2 Rg3 50. Kf2 Rf3+ 51. Ke2 Bd7 52. Rb2
h5 53. Bg2 Rg3 54. Kf2 Rg8 55. Rb6+ Be6 56. Bf1 Rc8 57. Bb5 Rc2+ 58. Kg3 Rb2
59. Rb7 h4+ 60. Kxh4 Rb3 61. Bc6 Rxe3 62. Rb6 Rd3 63. Bb5 Rd4 64. Kg3 Rb4 65.
Kf2 Ke7 66. Rb7+ Kd8 67. Ba6 Ra4 68. Be2 Ra2 69. Ke3 Bd5 70. Rg7 Be6 71. Rg6
Bd7 72. Rg7 Ke8 73. Bh5+ Kd8 74. Be2 1/2-1/2

[Event "10. OSIJEK OPEN"]
[Site "Osijek"]
[Date "2017.02.26"]
[Round "7.6"]
[White "Ascic, Anto"]
[Black "Lucan, Darko"]
[Result "1-0"]
[WhiteElo "2126"]
[BlackElo "1891"]
[PlyCount "57"]
[EventDate "2017.02.23"]

1. d4 Nf6 2. Nf3 d6 3. c4 g6 4. Nc3 Bg7 5. e4 Bg4 6. Be2 Nbd7 7. Be3 c6 8. O-O
O-O 9. Nd2 Bxe2 10. Qxe2 e5 11. d5 Ne8 12. b4 f5 13. f3 f4 14. Bf2 Bf6 15. c5
Kg7 16. Nc4 Be7 17. Rfd1 cxd5 18. exd5 Rf5 19. Ne4 Ndf6 20. Rac1 Nxe4 21. fxe4
Rh5 22. Na5 Rb8 23. c6 b6 24. c7 Nxc7 25. Nc6 Qe8 26. Nxb8 Qxb8 27. Qc4 Ne8 28.
Qc8 Qxc8 29. Rxc8 1-0

[Event "10. OSIJEK OPEN"]
[Site "Osijek"]
[Date "2017.02.26"]
[Round "7.7"]
[White "Golubicic, Luka"]
[Black "Oreskovic, Pero"]
[Result "1/2-1/2"]
[WhiteElo "1963"]
[BlackElo "1935"]
[PlyCount "121"]
[EventDate "2017.02.23"]

1. e4 c5 2. Nf3 d6 3. d4 cxd4 4. Qxd4 Nc6 5. Bb5 Bd7 6. Bxc6 Bxc6 7. Nc3 e5 8.
Qd3 Nf6 9. Bg5 Be7 10. O-O-O Qa5 11. Bxf6 gxf6 12. Kb1 O-O-O 13. Qc4 Rd7 14.
Qxf7 Rc7 15. Qb3 Kb8 16. Nd5 Bxd5 17. Rxd5 Qa6 18. Re1 Rhc8 19. c3 Rc6 20. Rb5
Rc4 21. Nd2 R4c7 22. f3 Qc6 23. Nf1 Qe8 24. Ne3 Qh5 25. Nd5 Rd7 26. h3 f5 27.
Rd1 Bd8 28. Qc2 f4 29. a4 Qg5 30. Nb4 Qg8 31. Nd5 Rg7 32. Rd2 Qe8 33. Nb4 Qe6
34. Rbd5 Bc7 35. a5 a6 36. c4 Ka8 37. Nd3 Bb8 38. Qb3 Ba7 39. Rc2 Rgc7 40. Qb4
Bc5 41. Qa4 Bd4 42. Qb4 Rc6 43. c5 dxc5 44. Nxc5 Qf7 45. Rd7 Qxd7 46. Nxd7 Rxc2
47. Nb6+ Bxb6 48. axb6 Rxg2 49. Qd6 Rg6 50. Qxe5 Rxb6 51. Qxf4 Rg8 52. e5 Rg2
53. Qd4 Rbxb2+ 54. Qxb2 Rxb2+ 55. Kxb2 Kb8 56. f4 Kc7 57. f5 Kd7 58. e6+ Kd6
59. Kc3 b5 60. Kb4 h6 61. Ka5 1/2-1/2

[Event "10. OSIJEK OPEN"]
[Site "Osijek"]
[Date "2017.02.26"]
[Round "7.8"]
[White "Macanga, Branko"]
[Black "Imsirovic, Alen"]
[Result "0-1"]
[WhiteElo "1872"]
[BlackElo "1967"]
[PlyCount "132"]
[EventDate "2017.02.23"]

1. Nf3 d5 2. c4 d4 3. d3 c5 4. g3 Nc6 5. Bg2 Nf6 6. O-O e5 7. Re1 Bd6 8. Nbd2
O-O 9. Ng5 Bd7 10. Nge4 Nxe4 11. Nxe4 Be7 12. h4 h6 13. f4 f5 14. Nf2 Bd6 15.
Nh3 e4 16. e3 exd3 17. Qxd3 Nb4 18. Qd1 d3 19. Rf1 Qb6 20. b3 Rfe8 21. a3 Nc2
22. Rb1 Nxe3 23. Bxe3 Rxe3 24. Bd5+ Kh8 25. Rf3 Rae8 26. Qd2 Re2 27. Qxd3 Ra2
28. a4 Qb4 29. Rf2 Re1+ 30. Rf1 Ree2 31. Rf2 Rxf2 32. Nxf2 Rd2 33. Qf3 b6 34.
Rd1 Rxd1+ 35. Qxd1 Qc3 36. Kg2 g5 37. hxg5 hxg5 38. Qd3 Qf6 39. Nh3 gxf4 40.
Nxf4 Qg5 41. Qf3 Bxf4 42. Qxf4 Qxf4 43. gxf4 Be8 44. Kh3 Bh5 45. Be6 Bd1 46.
Bxf5 Bxb3 47. Bd3 Kg7 48. Kg4 Kf6 49. Kf3 Bxa4 50. Ke4 Bc6+ 51. Ke3 Bd7 52. Bc2
Be6 53. Bd3 Bf5 54. Be2 Bb1 55. Kd2 Kf5 56. Kc1 Be4 57. Kb2 Kxf4 58. Kc3 Ke3
59. Bh5 Bc6 60. Bf7 a5 61. Bd5 Bd7 62. Bf7 a4 63. Bd5 Bf5 64. Kb2 Kd4 65. Ka3
Bc2 66. Bc6 Bb3 0-1

[Event "10. OSIJEK OPEN"]
[Site "Osijek"]
[Date "2017.02.26"]
[Round "7.9"]
[White "Mravunac, Branko"]
[Black "Radikovic, Anamarija"]
[Result "0-1"]
[WhiteElo "1981"]
[BlackElo "1909"]
[PlyCount "84"]
[EventDate "2017.02.23"]

1. e4 d5 2. exd5 Nf6 3. d4 Bg4 4. f3 Bf5 5. Bb5+ Nbd7 6. c4 a6 7. Bxd7+ Qxd7 8.
g4 Bxb1 9. Rxb1 b5 10. b3 Rb8 11. Bf4 e6 12. dxe6 Bb4+ 13. Kf2 fxe6 14. g5 Nh5
15. Be5 O-O 16. Ne2 Rf5 17. h4 Rbf8 18. Rh3 Qf7 19. Qd3 c5 20. cxb5 cxd4 21.
Qe4 d3 22. Nd4 Bc5 23. Ke1 Bxd4 24. Bxd4 Nf4 25. Rh2 axb5 26. b4 Ne2 27. Rxe2
dxe2 28. Rb3 Rf4 29. Qe5 Qd7 30. Rd3 Rxf3 31. Rxf3 Rxf3 32. Kxe2 Rf5 33. Qb8+
Rf8 34. Qe5 Qf7 35. Ke1 Qf1+ 36. Kd2 Qg2+ 37. Kd3 Rf3+ 38. Be3 Qxa2 39. Qb8+
Rf8 40. Qxb5 Qb3+ 41. Ke4 Qc2+ 42. Qd3 Qc6+ 0-1

[Event "10. OSIJEK OPEN"]
[Site "Osijek"]
[Date "2017.02.26"]
[Round "7.10"]
[White "Boban, Sten"]
[Black "Djuric, Milan"]
[Result "1-0"]
[WhiteElo "2075"]
[BlackElo "1933"]
[PlyCount "61"]
[EventDate "2017.02.23"]

1. d4 Nf6 2. c4 g6 3. Nc3 Bg7 4. e4 d6 5. f3 c6 6. Be3 O-O 7. Qd2 Re8 8. g4 e5
9. d5 Qc7 10. Nge2 a6 11. Rc1 Qe7 12. Na4 Nbd7 13. Ng3 Nf8 14. g5 N6d7 15. h4
cxd5 16. cxd5 f6 17. Bh3 b5 18. Nc3 Rb8 19. Nce2 Rd8 20. Rc7 Bb7 21. Ba7 fxg5
22. hxg5 Rdc8 23. Bxb8 Rxb8 24. Qb4 h6 25. a4 hxg5 26. axb5 a5 27. Qa3 Ba8 28.
Qxa5 Qd8 29. Qa7 Rxb5 30. Be6+ Nxe6 31. dxe6 1-0

[Event "10. OSIJEK OPEN"]
[Site "Osijek"]
[Date "2017.02.26"]
[Round "7.11"]
[White "Benes, Miodrag"]
[Black "Kejzar, Petra"]
[Result "1-0"]
[WhiteElo "1909"]
[BlackElo "1991"]
[PlyCount "75"]
[EventDate "2017.02.23"]

1. d4 Nf6 2. c4 g6 3. Nc3 Bg7 4. e4 d6 5. Nf3 O-O 6. Be2 e5 7. O-O Nc6 8. d5
Ne7 9. Ne1 Nd7 10. Nd3 f5 11. Bd2 Nf6 12. f3 c5 13. Kh1 f4 14. b4 cxb4 15. Na4
b6 16. Bxb4 Ba6 17. Qb3 Kh8 18. Rfc1 Qd7 19. Qa3 Ne8 20. c5 Bxd3 21. c6 Qd8 22.
Bxd3 Rf6 23. Ba6 Nc7 24. Nc3 g5 25. Bb7 a5 26. Bxd6 Qxd6 27. Qxd6 Rxd6 28. Bxa8
Nxa8 29. Nb5 Rd8 30. c7 Nxc7 31. Rxc7 Bf6 32. d6 Nd5 33. exd5 e4 34. Rac1 e3
35. Rc8 Kg7 36. Rxd8 Bxd8 37. Kg1 h6 38. Rc8 1-0

[Event "10. OSIJEK OPEN"]
[Site "Osijek"]
[Date "2017.02.26"]
[Round "7.12"]
[White "Lovric, Petar"]
[Black "Brkic, Valent"]
[Result "1/2-1/2"]
[WhiteElo "2042"]
[BlackElo "1928"]
[PlyCount "40"]
[EventDate "2017.02.23"]

1. d4 Nf6 2. Nf3 e6 3. e3 d5 4. Be2 Be7 5. O-O O-O 6. c4 c6 7. Nc3 b6 8. Bd2
dxc4 9. Bxc4 b5 10. Be2 Nbd7 11. Rc1 c5 12. dxc5 Nxc5 13. Be1 Bb7 14. b4 Nce4
15. Nxe4 Bxe4 16. Nd4 Rc8 17. Rxc8 Qxc8 18. Bd2 Rd8 19. Qc1 Bb7 20. Qxc8 Rxc8
1/2-1/2